Statistiken für Nummer-1-Hits in Deutschland 2017

Klicken Sie hier um das Quiz zu spielen!

Allgemein

  • Dieses Quiz wurde 141 mal gespielt
  • Das Durchschnittsergebnis liegt bei 5 aus 8

Antwortstatistiken

ZeitraumIntepret/enTitel% Korrekt
28.04.2017 - 24.08.2017Luis Fonsi feat. Daddy YankeeDespacito
90%
13.01.2017 - 27.04.2017Ed SheeranShape Of You
83%
08.12.2017 - 15.02.2018Ed SheeranPerfect
74%
13.10.2017 - 07.12.2017BausaWas du Liebe nennst
74%
15.09.2017 - 05.10.2017Kay One feat. Pietro LombardiSeñorita
59%
30.12.2016 - 12.01.2017Clean Bandit feat. Sean Paul & Anne-MarieRockabye
55%
25.08.2017 - 14.09.2017Axwell^IngrossoMore Than You Know
49%
06.10.2017 - 12.10.2017Kollegah & Farid BangSturmmaske auf (Intro)
19%

Verteilung der Resultate

Perzentil nach korrekt beantworteten Fragen

Anzahl Personen mit jedem Resultat

Ihre Resultats-Entwicklung

Sie haben dieses Quiz noch nicht gespielt